000 00284nam a22001337a 4500
008 180308b xxu||||| |||| 00| 0 eng d
020 _a9780195128574
041 _aeng
080 _a941
100 _a16
101 _aHIS
245 _aInterracialism
_cSollors, W
942 _2udc
_cBK
999 _c44361
_d44361